| 000 | 00690nam a22001817a 4500 | ||
|---|---|---|---|
| 999 |
_c166984 _d166984 |
||
| 010 | _aENG-126206 | ||
| 020 |
_a978-93-84603-64-9 _c495.00 |
||
| 035 | _aEN-109738 | ||
| 037 | _bDBAD/PUB | ||
| 082 | _a796.345 | ||
| 100 | _aDevi,W. Geetarani | ||
| 245 |
_aLearn To Play Badminton: _cby W.Geetarani Devi [and] Nirose Kumar Rana _bThe Complete Guide To The Game Of Badminton/ |
||
| 260 |
_aNew Delhi _bSports Educational Technologies _c2019 |
||
| 270 |
_a102,4787/23,Ansari Road, Darya Ganj, _bNew Delhi _e110002 _k+91(011)27601805 _msportseducationaltechnologies@gmail.com |
||
| 300 |
_av156p. _b22cm(hb) |
||
| 500 | _aits include index | ||
| 942 |
_2ddc _cEN _h796.345 _mDEV |
||